000 00841nam a2200301 a 4500
001 30847
003 AR-BaAGN
005 20231116150738.0
007 ta
008 220625s1998 ag |||||r|||| ||||||spa d
020 _a987-96952-9-1
040 _dAR-BaAGN
_aAR-BaAGN
_bspa
_eaacr
245 0 0 _aMario Bravo, legislador y poeta
250 _a1ª ed.
260 _aBuenos Aires :
_bCírculo de Legisladores de la Nación Argentina,
_c1998.
300 _a96 páginas
336 _2rdacontent
_btxt
337 _2rdamedia
_bn
338 _2rdacarrier
_bnc
490 0 _aVidas, ideas y obras de los legisladores argentinos ;
_v9
600 1 4 _aBravo, Mario
650 4 _aBIOGRAFÍA
_91475
650 4 _aPROYECTOS DE LEY
_91940
650 4 _aDISCURSOS
_91653
700 1 _aMovsichoff, Ricardo
_eaui
942 _cLIBRO
999 _c30847
_d30847